MARC

LEADER 00000nam0a2200000 4500
001 28751
005 20231101205854.0
010 |a 505002580X 
035 |a (RuTPU)RU\TPU\book\29008 
035 |a BOOK00029083 
090 |a 28751 
100 |a 20011209d1991 m y0rusy50 ca 
101 1 |a rus  |c eng 
102 |a RU 
105 |a y z 000ab 
200 1 |a Дюк Эллингтон  |e пер. с англ.  |f Д. Л. Коллиер 
210 |a Москва  |c Радуга  |d 1991 
215 |a 351 с. 
600 1 |a Эллингтон  |b Э. К.  |c Дюк  |c американский джазовый музыкант - пианист, композитор  |f 1899-1974  |g Эдуард Кеннеди  |2 stltpush  |3 (RuTPU)RU\TPU\pers\10713  |9 2376 
610 1 |a джаз 
610 1 |a история 
675 |a 785  |v 3 
700 1 |a Коллиер  |b Д. Л.  |g Джеймс Линкольн 
801 0 |a RU  |b 63413507  |c 20011209  |g PSBO 
801 2 |a RU  |b 63413507  |c 20040625  |g PSBO 
942 |c BK